Star Wars: TIE Fighter Variants - Statistics

General Stats
  • This quiz has been taken 66 times
  • The average score is 17 of 38
Answer Stats
Affiliation Answer % Correct
First Order First Order TIE Fighter
100%
Mining Guild Mining Guild TIE Fighter
100%
Galactic Empire TIE Fighter
100%
Galactic Empire TIE Fighter Prototype
100%
First Order First Order Bomber
98%
First Order First Order TIE Bomber
98%
Galactic Empire TIE Bomber
98%
First Order TIE Baron
84%
Galactic Empire TIE Interceptor
84%
Galactic Empire TIE Advanced
74%
Galactic Empire TIE Defender
74%
Galactic Empire TIE Defender Elite
74%
Galactic Empire v1
74%
Galactic Empire x1
74%
Galactic Empire x7
74%
Galactic Empire TIE Striker
44%
Galactic Empire TIE Crawler
35%
First Order TIE Silencer
30%
First Order Modified TIE Whisper
23%
First Order Special Forces TIE Fighter
23%
Galactic Empire TIE Dagger
23%
First Order TIE Whisper
23%
Galactic Empire TIE Phantom
21%
Galactic Empire TIE Reaper
21%
Galactic Empire TIE Avenger
16%
Galactic Empire Outland TIE Fighter
14%
Galactic Empire TIE Aggressor
14%
First Order First Order TIE Brute
12%
Galactic Empire TIE Brute
12%
First Order TIE Echelon
12%
Galactic Empire TIE Lander
12%
Galactic Empire TIE Scout
12%
Galactic Empire TIE Boarding Craft
9%
Galactic Empire TIE Punisher
9%
Galactic Empire Auto-fighter
7%
Galactic Empire TIE Command Shuttle
2%
Galactic Empire TIE Fire Control
2%
Galactic Empire TIE Training Drone
2%
No matching quizzes found
Score Distribution
Percent of People with Each Score
Percentile by Number Answered
Your Score History
You have not taken this quiz